书目信息 |
| 书名: | CRC Handbook of chemistry and phsics | |
| 作者: | editor-in-Chief by Robert C. Weast. | |
| 分册号: | ||
| 分册名: | 出版地: | Boca Raton : |
|
| 出版社: | CRC Pr | |
| 出版时间: | ||
| 页数: | [v. p.] ; | |
| 开本: | 26 cm. | |
| 丛书名: | ||
| 中图分类号: | ||
| 科图分类号: | ||
| 其他分类号: | O-62:H31 | |
| 主题词: | ||
| 电子资源: | ||
| 000 | 00549nam 2200181 a 4500 | |
| 001 | E0730203164 | |
| 005 | 20070728152206.43 | |
| 020 | @a0-8493-0458-X :@cCNY18.60. | |
| 090 | @aO-62:H31 | |
| 099 | @dO-62:H31@ex80=58 | |
| 245 | 10 | @aCRC Handbook of chemistry and phsics :@ba ready-reference book of chemical and physical data / @ceditor-in-Chief by Robert C. Weast. |
| 250 | @a58th ed. 1977-1978. | |
| 260 | @aBoca Raton :@bCRC Pr. | |
| 300 | @a[v. p.] ;@c26 cm. | |
| 500 | @aIncludes index. | |
| 700 | 1 | @aWeast, Robert C. |
| 920 | @a212020@z1 | |
| 998 | @aTJU | |
| CRC Handbook of chemistry and phsics : : a ready-reference book of chemical and physical data / / editor-in-Chief by Robert C. Weast.-58th ed. 1977-1978.-Boca Raton : : CRC Pr. |
| [v. p.] ; ; 26 cm. |
| Includes index. |
| ISBN 0-8493-0458-X :CNY18.60. |
| ● |
| 相关链接 |
|
|
|
|
正题名:CRC Handbook of chemistry and phsics
索取号:O-62:H31/x80=58
 
预约/预借
| 序号 | 登录号 | 条形码 | 馆藏地/架位号 | 状态 | 备注 |
| 1 | 0014462 | 300144626 | 密集书库/ [索取号:O-62:H31/x80=58] | 在馆 | |
| 2 | 27497 | 300134174 | 第四借阅区/ [索取号:O-62:H31/x80=58] | 在馆 | |
| 3 | 49605 | 000452325 | 第四借阅区/ [索取号:O-62:H31/x80=58] | 在馆 | |
| 4 | 49606 | 000452361 | 第二样本阅览室/ [索取号:O-62:H31/x80=58] | 在馆 |